000 00603nam a22002411c 4500
001 a987694375
008 200120s2002 gw |||| 000u eng d
020 _a1859735207
_91-85973-520-7
041 _aeng
245 0 0 _aHistories of leisure
264 _aOxford :
_bBerg,
_c2002
300 _a365 Seiten
650 0 _aAlltagskultur
650 0 _aFreizeit
650 0 _aSozialgeschichte
650 0 _aAlltag
655 0 _aAufsatzsammlung
700 1 _aKoshar, Rudy
_eHerausgeberIn
942 _cMG
040 _cRU-10907106
003 RU-10907106
999 _c29579
_d29579
490 0 _aLeisure, consumption, and culture